Hunter, peasant, rebel: Colonialism and the British Assam frontier (Record no. 1464163)

MARC details
000 -LEADER
fixed length control field 00804 a2200241 4500
005 - DATE AND TIME OF LATEST TRANSACTION
control field 20251217114344.0
008 - FIXED-LENGTH DATA ELEMENTS--GENERAL INFORMATION
fixed length control field 251217b |||||||| |||| 00| 0 eng d
020 ## - INTERNATIONAL STANDARD BOOK NUMBER
International Standard Book Number 9781032982434 (hbk)
037 ## - SOURCE OF ACQUISITION
Terms of availability TB
040 ## - CATALOGING SOURCE
Original cataloging agency AL
Transcribing agency AL
041 ## - LANGUAGE CODE
Source of code eng
Language code of text/sound track or separate title eng
084 ## - COLON CLASSIFICATION NUMBER
Classification number V277:17.N R5
Assigning agency AL
100 ## - MAIN ENTRY--PERSONAL NAME
Personal name Baruah, Manjeet
9 (RLIN) 846800
245 ## - TITLE STATEMENT
Title Hunter, peasant, rebel: Colonialism and the British Assam frontier
260 ## - PUBLICATION, DISTRIBUTION, ETC.
Place of publication, distribution, etc. London, UK:
Name of publisher, distributor, etc. Routledge Taylor & Francis group,
Date of publication, distribution, etc. 2025.
300 ## - PHYSICAL DESCRIPTION
Extent viii;219p.
365 ## - TRADE PRICE
Price amount 1295.00
Currency code INR
650 ## - SUBJECT ADDED ENTRY--TOPICAL TERM
Topical term or geographic name entry element Assam-History
9 (RLIN) 857254
650 ## - SUBJECT ADDED ENTRY--TOPICAL TERM
Topical term or geographic name entry element History
9 (RLIN) 857255
650 ## - SUBJECT ADDED ENTRY--TOPICAL TERM
Topical term or geographic name entry element Colonialism
9 (RLIN) 857256
942 ## - ADDED ENTRY ELEMENTS (KOHA)
Koha item type Textbook
Source of classification or shelving scheme Colon Classification (CC)
Suppress in OPAC No
Classification part V277:17.N R5
Holdings
Withdrawn status Lost status Source of classification or shelving scheme Damaged status Not for loan Home library Current library Date acquired Source of acquisition Cost, normal purchase price Inventory number Total Checkouts Full call number Barcode Date last seen Cost, replacement price Price effective from Koha item type
    Colon Classification (CC)     Arts Library Arts Library 2025-12-17 Bright Book Service 1036.00 2528 & 28/10/2025   V277:17.N R5 AL1804929 2025-10-31 1295.00 2025-10-31 Textbook
Copyright @ Delhi University Library System